|
|
|
|
| LEADER |
00000nas a2200000 4500 |
| 001 |
ssj0022884 |
| 003 |
WaSeSS |
| 005 |
20200512172242.0 |
| 006 |
m d |
| 007 |
cr n |
| 008 |
781011c19769999sa fr p s g 0 b0afr |
| 010 |
|
|
|a 78645744
|
| 022 |
|
|
|l 0258-252X
|y 0258-252X
|
| 035 |
|
|
|a (WaSeSS)ssj0022884
|
| 037 |
|
|
|b Postbus 339
|
| 040 |
|
|
|a DLC
|b eng
|c DLC
|d NST
|d HUL
|d SYS
|d NSD
|d SLU
|d OCLCQ
|d OCLCO
|d OCLCF
|d OCLCO
|d OCLCQ
|d OCLCA
|d WaSeSS
|
| 041 |
0 |
|
|a afr
|a eng
|
| 042 |
|
|
|a pcc
|
| 043 |
|
|
|a f-sa---
|
| 050 |
0 |
0 |
|a K24
|b .Y4
|
| 082 |
0 |
4 |
|a 340/.0968
|
| 210 |
0 |
|
|a Tydskr. regswet.
|
| 222 |
|
0 |
|a Tydskrif vir regswetenskap
|
| 245 |
0 |
0 |
|a Tydskrif vir regswetenskap
|h [electronic resource].
|b Journal for juridical science.
|
| 246 |
3 |
1 |
|a Journal for juridical science
|
| 260 |
|
|
|a Bloemfontein,
|b Fakulteit van Regsgeleerdheid, Universiteit van die Oranje-Vrystaat.
|
| 310 |
|
|
|a Semiannual
|
| 362 |
1 |
|
|a Began in 1976.
|z Cf. Ulrich's international periodicals directory, 1990-91.
|
| 500 |
|
|
|a Issues for <Nov. 1977-> lack English title.
|
| 506 |
|
|
|a License restrictions may limit access.
|
| 546 |
|
|
|a Afrikaans or English.
|
| 650 |
|
0 |
|a Law
|z South Africa
|v Periodicals.
|
| 650 |
|
7 |
|a Law.
|2 fast
|0 (OCoLC)fst00993678
|
| 651 |
|
7 |
|a South Africa.
|2 fast
|0 (OCoLC)fst01204616
|
| 655 |
|
0 |
|a Electronic journals.
|
| 710 |
2 |
|
|a University of the Orange Free State.
|b Faculty of Law.
|
| 850 |
|
|
|a DLC
|a MH-L
|a NcD-L
|
| 853 |
2 |
0 |
|8 1
|a jaarg.
|b nr.
|u 2
|v r
|i (year)
|j (month)
|w f
|x 06
|
| 856 |
4 |
0 |
|z Full text available from Research Library: 01/01/2002 to present
|u https://search.proquest.com/publication/2042658
|
| 863 |
4 |
1 |
|8 1
|a <1>-
|i <1976>-
|x provisional
|